[Event "LBN-ch"]
[Site "Beirut"]
[Date "2023.11.04"]
[Round "5"]
[White "Maasarani, Mahmoud"]
[Black "Bchouty, Mounir Maroun"]
[Result "1/2-1/2"]
[WhiteElo "1929"]
[BlackElo "1421"]
[PlyCount "76"]
[EventDate "2023.10.30"]
[EventType "swiss"]
[EventRounds "9"]
[EventCountry "LBN"]
[SourceTitle "CB46_2023"]
[SourceDate "2023.11.15"]
[SourceVersion "1"]
[SourceVersionDate "2023.11.15"]
[SourceQuality "1"]

1. d4 d5 2. Bf4 Nf6 3. e3 Bf5 4. Nf3 e6 5. Bd3 Bg6 6. h3 Ne4 7. 0-0 Bd6 8. Bxd6 Qxd6 9. Nbd2 Nd7 10. Qe2 0-0 11. Nh4 Ndf6 12. Nxg6 hxg6 13. Nf3 c5 14. c3 c4 15. Bc2 Rab8 16. Ne5 b5 17. a3 a5 18. Rab1 b4 19. axb4 axb4 20. f3 Ng3 21. Qf2 Nf5 22. Ba4 bxc3 23. bxc3 Rxb1 24. Rxb1 Qa3 25. g4 Qxa4 26. gxf5 gxf5 27. Qb2 Qa5 28. Ra1 Qc7 29. Ra4 Nd7 30. Nxd7 Qxd7 31. Rb4 Qe7 32. Qh2 Qh4 33. Kg2 Qe1 34. Qf4 Qxc3 35. Rb8 Qa3 36. Qc7 Rxb8 37. Qxb8+ Qf8 38. Qc7 Qa8 1/2-1/2

[Event "LBN-ch"]
[Site "Beirut"]
[Date "2023.11.03"]
[Round "4"]
[White "Bchouty, Mounir Maroun"]
[Black "Modallal, Tarek"]
[Result "1-0"]
[WhiteElo "1421"]
[BlackElo "1898"]
[PlyCount "38"]
[EventDate "2023.10.30"]
[EventType "swiss"]
[EventRounds "9"]
[EventCountry "LBN"]
[SourceTitle "CB46_2023"]
[SourceDate "2023.11.15"]
[SourceVersion "1"]
[SourceVersionDate "2023.11.15"]
[SourceQuality "1"]

1. e4 d5 2. exd5 Nf6 3. Nc3 Nxd5 4. d4 Bf5 5. a3 e6 6. Nf3 Be7 7. Bd3 Bg4 8. h3 Bh5 9. 0-0 c5 10. Bb5+ Nc6 11. Nxd5 Qxd5 12. g4 Bg6 13. c4 Qd6 14. dxc5 Qxd1 15. Rxd1 Bxc5 16. b4 Be7 17. Bxc6+ bxc6 18. Bb2 Bf6 19. Bxf6 c5 1-0